00624nam a22001697a 450000500170000001000130001702000140003003500110004403700160005508200080007110000580007924501180013724600680025526000390032327000690036230000230043120191030153137.0 aUR-10569 c200.00a- aU-9124 bDBAD/PUBa- a841 aمر تبہ:سيد با قر حسين بنا ر سی  aتشنگا ن فر ا ت کا ما تم (حصہ د و م )cمر تبہ:سيد با قر حسين بنا ر سی  bTashangan Farat Ka Matam (Urdu)aby Syed Baqar Hussain Banarsi  aBanarasbZafar Abbas Khan c2017ء aBharat Electric and Company,Dal Mandi Chowk,bBanaras e-k-l- a296 ص c22 Cm(Hb)